| Tag |
First Indicator |
Second Indicator |
Subfields |
| LEADER |
00000cam a2200000 4500 |
| 001 |
in00000053020 |
| 005 |
20151007080408.0 |
| 008 |
720112s1961 eng u |
| 010 |
|
|
|a 60012183
|
| 035 |
|
|
|a (OCoLC)00204295
|
| 035 |
|
|
|9 AAF4740AM
|
| 040 |
|
|
|c WSU
|d TXA
|d UtOrBLW
|
| 049 |
|
|
|a TXAM
|c [336924]
|
| 090 |
|
|
|a BF561
|b .B4
|
| 092 |
|
|
|a 157.3
|b B458i
|
| 100 |
1 |
|
|a Benda, Clemens E.
|q (Clemens Ernst),
|d 1898-
|
| 245 |
1 |
4 |
|a The image of love; modern trends in psychiatric thinking.
|
| 264 |
|
1 |
|a [Place of publication not identified] :
|b Free Press of Glencoe,
|c [1961]
|
| 336 |
|
|
|a text
|b txt
|2 rdacontent
|
| 337 |
|
|
|a unmediated
|b n
|2 rdamedia
|
| 338 |
|
|
|a volume
|b nc
|2 rdacarrier
|
| 504 |
|
|
|a Includes bibliography.
|
| 650 |
|
0 |
|a Emotions.
|
| 650 |
|
0 |
|a Love.
|
| 999 |
|
|
|a MARS
|
| 999 |
f |
f |
|s ce6b5156-c80c-362d-a72d-2f8c94b797e9
|i 5f7c45d9-1a25-32e2-933c-ec125b83ab51
|t 0
|
| 952 |
f |
f |
|p ric
|a Texas A&M University
|b Rellis Campus
|c Joint Library Facility
|d Remote Storage
|t 0
|e BF561 .B4
|h Library of Congress classification
|i unmediated -- volume
|m A14800528178
|
| 998 |
f |
f |
|a BF561 .B4
|t 0
|l Remote Storage
|